| 000 | 00716cab a2200217 4500 | ||
|---|---|---|---|
| 001 | ABS45960 | ||
| 008 | 090401t1992 xxu||||| |||| 00| 0 eng d | ||
| 035 | _a(Sirsi) u56073 | ||
| 041 | _aeng | ||
| 245 | _aAgricultural development | ||
| 260 | _c1992 | ||
| 350 | _a0 | ||
| 490 |
_aFarm Law _v1(2) February 1992, 11-15(5) |
||
| 520 | _aReviews the new edition of PPG7 `The countryside and the rural economy` and lists the new limits to agricultural development which came into effect on 6 January 1992 and are set out in the Annex. | ||
| 650 | _aAGRICULTURAL DEVELOPMENT | ||
| 650 | _aRURAL ECONOMY | ||
| 690 | _aPLANNING LAW AND PRACTICE | ||
| 690 | _aRURAL PRACTICE | ||
| 942 | _n0 | ||
| 948 | _c04/03/1997 | ||
| 999 |
_c34228 _d34228 |
||